Nghiên cứu ảnh hưởng của một số vật liệu che phủ đến sinh trưởng, phát triển của giống chè Trung du búp tím tại Thái Nguyên /
Đã lưu trong:
| Tác giả chính: | |
|---|---|
| Tác giả khác: | |
| Định dạng: | Bài viết |
| Ngôn ngữ: | Vietnamese |
| Những chủ đề: | |
| Các nhãn: |
Thêm thẻ
Không có thẻ, Là người đầu tiên thẻ bản ghi này!
|
| Thư viện lưu trữ: | Thư viện Trường Đại học Đà Lạt |
|---|
| LEADER | 00964nam a2200289 4500 | ||
|---|---|---|---|
| 001 | DLU190193877 | ||
| 005 | ##20191210 | ||
| 040 | # | # | |a DLU |b vie |
| 041 | # | # | |a vie |
| 044 | # | # | |a vn |
| 100 | # | # | |a Dương Trung Dũng. |
| 245 | # | # | |a Nghiên cứu ảnh hưởng của một số vật liệu che phủ đến sinh trưởng, phát triển của giống chè Trung du búp tím tại Thái Nguyên / |c Dương Trung Dũng, Phan Thị Thu Hằng. |
| 653 | # | # | |a Biện pháp |
| 653 | # | # | |a Chè |
| 653 | # | # | |a Che phủ |
| 653 | # | # | |a Mật độ |
| 653 | # | # | |a Năng suất |
| 700 | # | # | |a Phan Thị Thu Hằng. |
| 773 | # | # | |t Nông nghiệp & Phát triển nông thôn |g Số 323, 2017, tr. 43-49 |
| 920 | # | # | |a Phòng Tạp chí -- Trung tâm Thông tin - Thư viện Trường Đại học Đà Lạt |
| 900 | # | # | |a True |
| 911 | # | # | |a Nguyễn Thị Thu Phương |
| 925 | # | # | |a G |
| 926 | # | # | |a A |
| 927 | # | # | |a BB |
| 980 | # | # | |a Thư viện Trường Đại học Đà Lạt |